Návrh na zvýšenie bezpečnosti práce pri vybraných laboratórnych cvičeniach
Guardado en:
| Autor principal: | |
|---|---|
| Otros Autores: | |
| Formato: | Manuscrito Libro |
| Lenguaje: | eslovaco |
| Publicado: |
2016
|
| Materias: | |
| Acceso en línea: | http://is.stuba.sk/zp/portal_zp.pl?podrobnosti=132035 |
| Etiquetas: |
Sin Etiquetas, Sea el primero en etiquetar este registro!
|
MARC
| LEADER | 00000ntm a22000003a 4500 | ||
|---|---|---|---|
| 001 | stuzp51354 | ||
| 003 | SK-STU | ||
| 005 | 20160719153830.0 | ||
| 007 | ta | ||
| 008 | 150427s2015----xo-----f-mn---000-0-slo-d | ||
| 040 | |a STU |b slo | ||
| 041 | 0 | |a slo | |
| 100 | 1 | |a Semelbauerová, Romana |u 065000 |4 aut |U MTF Materiálovotechnologická fakulta |T MTF Ústav integrovanej bezpečnosti |X 46686 |U M5000 |Y 85 |7 46686 | |
| 242 | 0 | 1 | |a The heightening of work safety in specific laboratory exercises |y eng |
| 245 | 1 | 0 | |a Návrh na zvýšenie bezpečnosti práce pri vybraných laboratórnych cvičeniach |
| 260 | |c 2016 | ||
| 650 | 4 | |a bezpečnosť a ochrana zdravia pri práci |2 slo | |
| 650 | 4 | |a laboratórne činnosti |2 slo | |
| 650 | 4 | |a chemické laboratórium |2 slo | |
| 650 | 4 | |a health protection in a work place |2 eng | |
| 650 | 4 | |a laboratory practices |2 eng | |
| 650 | 4 | |a chemical laboratory |2 eng | |
| 700 | 1 | |a Blinová, Lenka |u 065100 |k Z1 |4 ths |U MTF Ústav integrovanej bezpečnosti |T MTF Katedra environmentálneho inžinierstva |X 34036 |U M5100 |Y 194 |7 A000034036 | |
| 856 | 4 | |u http://is.stuba.sk/zp/portal_zp.pl?podrobnosti=132035 | |
| 996 | |c M* BP-7520 |l MMSKP |s P |a 0 |w stuzp51354_0001 | ||
| SQL | |a stuzp51354 |b DBP |c SLO |d Návrh na zvýšenie bezpečnosti práce pri vybraných laboratórnych cvičeniach |e 46686 |f Semelbauerová, Romana |g 065000 |h 34036 |i Blinová, Lenka |j 20160621 |k 1486 |l 06 |m http://is.stuba.sk/zp/portal_zp.pl?podrobnosti=132035 |n B-IBE |o 8.3.5. bezpečnosť a ochrana zdravia pri práci | ||